00582nam a22001697a 450000500170000001000130001702000090003003500130003903700160005208200110006810000300007924500920010924600720020126000620027327000540033530000230038920200108122012.0 aA-142485 c-a- aA-142485 bDBAD/PUBa- a841.09 aعر فا ن عبا سی  aتز کر ہ شعر ا ۓ ا تر پر د يش 1930ء-1982cعر فا ن عبا سی  bTazkara-e-Shora-e-Uttar Pardesh 1930-1982 (Urdu)aby Irfan Abbasi  aLucknow bFakhruddin Ali Ahmed Memorial Cometteec1983 ء aDanish Mahel,Ameen Udola Park,bLucknow e-k-l- a328 ص c22 Cm(Hb)